000 00530nam a2200157 i 4500
001 64126
003 ES-MaACL
007 t|
008 031222s1953 sp ||||1| spa d
100 1 _aFleck, H. Ronald.
_951146
245 1 0 _aPlásticos
_b: su estudio científico y tecnológico /
_cH. Ronald Fleck ; traducción de la 3ª edición por Mateo Sust.
260 _aBarcelona :
_bGustavo Gili,
_c1953 (
_fS.A.D.A.G.)
300 _a475 p., 2 lám. ;
_c23 cm.
700 1 _aSust, Mateo.
_9108864
852 _aES-MaACL
_jC-5802
_bR.34994
999 _c64126
_d64126